Tư tưởng giải thoát trong triết học Ấn Độ

Sách giới thiệu quá trình hình thành, phát triển của tư tưởng giải thoát và phân tích nội dung của tư tưởng giải thoát trong mỗi trường phái triết học ấn Độ cổ đại. Nó mang ý nghĩa lịch sử to lớn, có ảng hưởng sâu rộng đến đời sống...

Fuld beskrivelse

Đã lưu trong:
Bibliografiske detaljer
Hovedforfatter: Doãn Chính
Format: Bog
Sprog:Undetermined
Udgivet: Hà Nội Chính Trị Quốc Gia 1997
Fag:
Tags: Tilføj Tag
Ingen Tags, Vær først til at tagge denne postø!
Thư viện lưu trữ: Trung tâm Học liệu Trường Đại học Cần Thơ
LEADER 00989nam a2200181Ia 4500
001 CTU_20312
008 210402s9999 xx 000 0 und d
082 |a 181.4 
082 |b D406 
100 |a Doãn Chính 
245 0 |a Tư tưởng giải thoát trong triết học Ấn Độ 
245 0 |c Doãn Chính 
260 |a Hà Nội 
260 |b Chính Trị Quốc Gia 
260 |c 1997 
520 |a Sách giới thiệu quá trình hình thành, phát triển của tư tưởng giải thoát và phân tích nội dung của tư tưởng giải thoát trong mỗi trường phái triết học ấn Độ cổ đại. Nó mang ý nghĩa lịch sử to lớn, có ảng hưởng sâu rộng đến đời sống tinh thần, đạo đức của nhân dân ấn Độ xưa và nay 
650 |a indian philosophy,philosophy, indic 
980 |a Trung tâm Học liệu Trường Đại học Cần Thơ